| 000 | 01598 a2200229 4500 | ||
|---|---|---|---|
| 003 | Nust | ||
| 005 | 20230221104024.0 | ||
| 010 | _a 79004827 | ||
| 020 | _a0804413118 : | ||
| 040 | _cNust | ||
| 082 | 0 | 0 | _a301, GRA |
| 245 | 0 | 4 |
_aThe American image of China / _cedited, with a history of Sino-American relations, by Benson Lee Grayson. |
| 260 |
_aNew York : _bUngar, _cc1979. |
||
| 300 |
_ax, 322 p. ; _c22 cm. |
||
| 505 | _aIntroduction (Page-1), Knavery and Idolatry (Page-71) , An Attack on Chinese Aloofness (Page-84), China During the Taiping Rebellion (Page-91), The United States Should Acquire Formosa (Page-95), Modernizing Influences in China (Page-106), A Critical View of the Chinese Empire (Page-121), The Grounds for Excluding Chinese Laborers (Page-130), Growing Up in China (Page-144), Helping China Adapt to the Modern World (Page-163), Impression of the Communist Areas (Page-187), A View of Wartime China (Page-199), The Failure U.S. Foreign Policy in China (Page-210), The Commitment to Defend Formosa (Page-239), How Peking Might View American Actions (Page-254), The failure of the non-Recognition Policy (Page-271), Changing Conception of China (Page-284), We are Committed to Relations with Peking (Page-305), Normalization of Relations will Advance Peace (Page-307). | ||
| 650 | 0 |
_aPublic opinion _zUnited States. _923121 |
|
| 651 | 0 |
_aChina _xForeign public opinion, American. _9109298 |
|
| 651 | 0 |
_aChina _xRelations _zUnited States. _9109299 |
|
| 651 | 0 |
_aUnited States _xRelations _zChina. _9109300 |
|
| 700 | 1 |
_aGrayson, Benson Lee, _d1932- _9109301 |
|
| 942 |
_2ddc _cBK |
||
| 999 |
_c184067 _d184067 |
||